000 00370nam a2200145Ia 4500
008 230312s9999||||xx |||||||||||||| ||und||
020 _a0-07-142897-6
082 _a629.134
_bGIT-S
100 _aGittell;Jody.Hoffer
245 0 _aSouthwest Airlines Way
260 _bMcGraw-Hill
_aUSA
_c2003
546 _aEng.
650 _aAviation
_vSouthwest Airlines Way
942 _cBK
999 _c6881
_d6881